000 012630000a22003490004500
003 EG-GICUC
005 20250223032941.0
008 070408s2003 ua a f m 000 0 eng d
040 _aEG-GICUC
_beng
_cEG-GICUC
041 0 _aEng
049 _aDeposite
097 _aM.Sc
099 _aCai01.11.23.M.Sc.2003.Ra.A
100 0 _aRaafat Ragai Abd El malek
245 1 0 _aAdult acute lymphoblastic leukaemia :
_bRetrospective study /
_cRaafat Ragai Abd El malek ; Supervised Farouk Ahmed Haggag , Hamdy Mohamed Zawam , Emad Ezzat Habib
246 1 5 _aسرطان الدم الليمفاوى الحاد فى البالغين : دراسة مرجعية
260 _aCairo :
_bRaafat Ragai Abd El malek ,
_c2003
300 _a175P :
_bill ;
_c25cm
502 _aThesis (M.Sc.) - Cairo University - Faculty Of Medicine - Department Of Oncology
530 _aIssued also as CD
653 4 _aAcute lymphoblastic leukaemia
653 4 _aALL
653 4 _aBMT
653 4 _aMRD
700 0 _aEmad Ezzat Habib ,
_eSupervisor
700 0 _aFarouk Ahmed Haggag ,
_eSupervisor
700 0 _aHamdy Mohamed Zawam ,
_eSupervisor
856 _uhttp://172.23.153.220/th.pdf
905 _aEnas
_ecataloger
905 _aMustafa
_eRevisor
942 _2ddc
_cTH
999 _c84924
_d84924